Making the most out of England’s land (Record no. 121260)
[ view plain ]
| 000 -LEADER | |
|---|---|
| fixed length control field | 01214nam a22001577a 4500 |
| 001 - CONTROL NUMBER | |
| control field | 121260 |
| 008 - FIXED-LENGTH DATA ELEMENTS--GENERAL INFORMATION | |
| fixed length control field | 141222s2022 |||||o|||| 00| 0 eng d |
| 245 ## - TITLE STATEMENT | |
| Title | Making the most out of England’s land |
| 260 ## - PUBLICATION INFORMATION | |
| Place of publication | United Kingdom, |
| Publisher | House of Lords, |
| Date | 13 December 2022 |
| 490 ## - SERIES TITLE | |
| Series statement | HL Paper 105, |
| Volume | 2022 |
| 520 ## - ABSTRACT | |
| Abstract | From the House of Lords Land Use in England Committee. Recommendations on Land Use including the creation a Land Use Commission tasked with producing a land use framework to include factors such as food, nature, housing needs and the push for net zero. Also discusses the need for Government to provide clarity on the Environmental Land Management Schemes (ELMS) programme. Reforms are needed to support provision of green and open spaces and to make more effective use of Green Belt land for public access, nature and biodiversity. Strengthen the planning system to help support nature and agriculture alongside new development, and to encourage better cross-border working. |
| 650 ## - KEYWORDS | |
| Keywords | LAND |
| 690 ## - LOCAL SUBJECT ADDED ENTRY--TOPICAL TERM (OCLC, RLIN) | |
| 9 (RLIN) | 6251 |
| Topical term or geographic name as entry element | Land use |
| 710 ## - ADDED CORPORATE NAME | |
| 9 (RLIN) | 3155 |
| Added corporate author | Parliament House of Lords |
| 856 ## - ONLINE RESOURCE | |
| Uniform Resource Identifier | https://publications.parliament.uk/pa/ld5803/ldselect/ldland/105/105.pdf |
| Public note | Available online on UK Parliament website |
| Withdrawn status | Lost status | Source of classification or shelving scheme | Damaged status | Not for loan | Home library | Current library | Shelving location | Date acquired | Total Checkouts | Date last seen | Price effective from | Koha item type |
|---|---|---|---|---|---|---|---|---|---|---|---|---|
| Dewey Decimal Classification | Virtual | Virtual | Online | 14/12/2022 | 14/12/2022 | 14/12/2022 | Online material |